| 000 | 00000nam##2200000za#4500 |
| 001 | 9.608216 |
| 003 | CaOODSP |
| 005 | 20240612102650 |
| 007 | cr ||||||||||| |
| 008 | 150406|2014||||xxc|||||o f|0| 0 fre|d |
| 040 | |aCaOODSP|bfre |
| 043 | |an-cn--- |
| 086 | 1 |aRv55-5/8-11-3-2014F-PDF |
| 110 | 2 |aAgence des services frontaliers du Canada. |
| 245 | 10|aApplication du Décret de remise des droits de douane sur les tissus pour chemises (1998) |h[ressource électronique] |
| 260 | |aOttawa - Ontario : |bAgence des services frontaliers du Canada |
| 300 | |a9p.|btableau |
| 490 | 1 |aMémorandums D des douanes. D8, Remises et importation temporaire |vD8-11-3, le 5 novembre 2014 |
| 500 | |aCeci annule le mémorandum D : D8-11-3 daté le 30 novembre 2012 |
| 590 | |a15-03|b2015-01-16 |
| 775 | 08|tApplication of the Shirting Fabrics Remission Order, 1998 |w(CaOODSP)9.581386 |
| 830 | #0|aMémorandums D des douanes. D8, Remises et importation temporaire ;|vD8-11-3, le 5 novembre 2014|w(CaOODSP)9.816826 |
| 856 | 40|ahttp://publications.gc.ca|qPDF|s93 Ko|uhttps://publications.gc.ca/collections/collection_2015/asfc-cbsa/Rv55-5-8-11-3-2014-fra.pdf|yD8-11-3, le 5 novembre 2014 |